| 000 | 00946nam a2200253 i 4500 | ||
|---|---|---|---|
| 001 | 47414 | ||
| 003 | ES-MaACL | ||
| 005 | 20250901200227.0 | ||
| 007 | t| | ||
| 008 | 030424s1913 sp |||| | spa d | ||
| 040 | _cES-MaACL | ||
| 080 | _a32(460)"1902/31" | ||
| 100 | 1 |
_aRivera Pastor, Francisco, _d1878-1936 _eaut _997663 |
|
| 245 | 1 | 0 |
_aOrientaciones políticas : _bmemoria que actualmente es objeto de discusión en la Sección de Ciencias Morales y Políticas / _cpor Francisco Rivera Pastor. |
| 260 |
_a[Madrid : _bs.n., _c1913] _f(Imp. de Juan Pueyo) |
||
| 300 |
_a16 páginas ; _c24 cm. |
||
| 610 | 2 | 4 |
_aAteneo de Madrid. _bSección de Ciencias Morales y Políticas- _vMemorias. _91986 |
| 650 | 7 |
_aEstado _2embne _912523 |
|
| 651 | 0 |
_aEspaña- _xPolítica y gobierno- _y1902-1931 _9226938 |
|
| 852 | 4 |
_aES-MaACL _cDEPOF _jT-1338-12 |
|
| 942 |
_cFOLLETOS _n0 |
||
| 999 |
_c47414 _d47414 |
||